| 000 | 00911nam a2200241 u 4500 | ||
|---|---|---|---|
| 005 | 20220911205843.0 | ||
| 008 | 150507s2002 es r 000 0 spa d | ||
| 020 | _a8495939045 | ||
| 035 | _aUPN01000203275 | ||
| 049 | _aCG | ||
| 050 | 4 |
_aDF234 _bF5.2 |
|
| 100 | 1 |
_aFildes, Alan M. _937645 |
|
| 245 | 1 | 0 |
_aAlejandro Magno : _bhijo de los dioses : crónica del conquistador más grande de la historia / _cAlan Filder, Joann Fletcher ; tr. Jorge González Batlle. |
| 260 |
_aBarcelona, Esp. : _bBlume, _cc2002. |
||
| 300 |
_a176 p. : _bil. col. |
||
| 534 |
_pTitulo original: _tAlexander the great : son of the gods |
||
| 600 | 0 | 0 |
_aAlejandro _bIII, _cEl Magno, _d356-323 a.C. _94128 |
| 650 | 4 |
_aGENERALES - _zGRECIA - _vBIOGRAFIA _924075 |
|
| 651 | 4 |
_aGRECIA - _xHISTORIA - _yEXPANSION MACEDONICA, 359-323 A.C. _94129 |
|
| 700 | 1 |
_aFletcher, Joann, _d1966- _ecoaut. _931888 |
|
| 905 | _aLibro | ||
| 999 |
_c175376 _d175376 |
||